Najlepsi, bramkarze w Premier League w grze FIFA 20 - Statystyki

Ogólne statystyki
  • Ten quiz został rozwiązany 339 razy
  • Średni wynik to 7 z 10
Statystyki odpowiedzi
Ocena Klub Bramkarz % Poprawnych
Liverpool Alisson
94%
89 Manchester United David De Gea
93%
Manchester City Ederson
93%
88 Tottenham Hugo Lloris
88%
82 West Ham Łukasz Fabiański
84%
Everton Jordan Pickford
71%
84 Arsenal Berndt Leno
66%
83 Leicester Kasper Schmeichel
60%
Wolverhampton Rui Patricio
56%
Chelsea Kepa Arrizabalaga
37%
Nie znaleziono quizów pasujących do podanych kryteriów
Rozkład punktacji
Procent ludzi z każdym wynikiem
Percentyl według liczby udzielonych odpowiedzi
Twoja historia wyników
Nie rozwiązałeś tego quizu